| 000 | 00382nam a2200145 a 4500 | ||
|---|---|---|---|
| 001 | 4140 | ||
| 005 | 20140414131851.0 | ||
| 008 | 090218s19uu xx 00 eng d | ||
| 050 |
_aM 530 _bW67 2003 |
||
| 100 | _aWilliams, Brian | ||
| 245 | _aFaraday pioneer of electricity. | ||
| 260 |
_aBrighton : _bThe Salariya Book Co, _c2003. |
||
| 440 | _aThe explosion zone | ||
| 999 |
_c110176 _d110176 |
||